Statistics for Marvel SNAP: Bonus Cards?!

Click here to take the quiz!

General Stats

  • This quiz has been taken 32 times
    (31 since last reset)
  • The average score is 20 of 25

Answer Stats

CostPowerAbilityAnswerCreated By% Correct
16N/A ("A deal is a deal.")DemonThe Hood
100%
VariesVariesN/A ("oink!")PigSpider-Ham
100%
10N/A (Well that's useless....)RockKorg / Rockslide / Debrii
100%
11N/A ("squeak!")SquirrelSquirrel Girl
92%
26N/A ("It's time for me to face the past.")Winter SoldierBucky Barnes
92%
32N/A ("We are Brood, from Broodworld. You are lunch.")BroodlingBrood
88%
20Which is the real Mysterio? The real one has 4 Power.Mysterio?Mysterio
88%
0-1While this is in your hand, you can't draw cards.Widow's BiteBlack Widow
88%
65N/A ("Doom is supreme!")DoombotDoctor Doom
83%
4VariesN/A ("The black blade blazes.")Ebony BladeBlack Knight
83%
13Ongoing: If you've played all 6 stones, Thanos has +10 Power. (wherever he is)Power StoneThanos
83%
11On Reveal: Transform this location into a new one. Draw a card.Reality StoneThanos
83%
22N/A ("Sinister is a system. Sinister is a species. Everything is Sinister.")Sinister CloneMister Sinister
83%
11On Reveal: Draw a card. Next turn, you get +1 Energy.Time StoneThanos
83%
34On Reveal: Trigger the effect of this location.Snowguard BearSnowguard
79%
33On Reveal: Ignore all location abilities until the end of the next turn (or the game).Snowguard HawkSnowguard
79%
11Ongoing: Enemy cards here have -1 Power.Soul StoneThanos
79%
11On Reveal: Next turn, you can move one card to this location. Draw a card.Space StoneThanos
79%
4-10N/A ("Hello again...")The VoidThe Sentry
79%
00On Reveal: Give Thor +6 Power.MjolnirThor
75%
20This is a fake Mysterio!IllusionMysterio
71%
11On Reveal: Draw 2 Stones from your deck.Mind StoneThanos
71%
11N/A ("zzzzzzZZZTT!")DroneUltron
63%
58N/A ("Vengeance is mine!")Tiger SpiritWhite Tiger
63%
11When this is discarded or destroyed, double Daken's Power.Muramasa ShardDaken
50%

Score Distribution

Percentile by Number Answered

Percent of People with Each Score

Your Score History

You have not taken this quiz since the last reset